Κατάλογος Βιβλιοθηκών Mediterranean College

Στάσεις και Αντιλήψεις Εκπαιδευτικών Δευτεροβάθμιας Εκπαίδευσης για Μαθητές με ΔΕΠΥ χωρίς Παράλληλη Στήριξη (Record no. 9792)

MARC details
000 -LEADER
fixed length control field 01158cam a22001934a 4500
005 - ΗΜΕΡΟΜΗΝΙΑ ΚΑΙ ΩΡΑ ΤΕΛΕΥΤΑΙΑΣ ΕΝΗΜΕΡΩΣΗΣ
Πεδίο ελέγχου 20250605164409.0
008 - FIXED-LENGTH DATA ELEMENTS--GENERAL INFORMATION
Πεδίο ελέγχου σταθερού μήκους 250528s ||||||||||||||||||||||||d
035 ## - SYSTEM CONTROL NUMBER
System control number 24973
040 ## - ΠΗΓΗ ΚΑΤΑΛΟΓΟΓΡΑΦΗΣΗΣ
Φορέας πρωτότυπης καταλογογράφησης MC Athens Campus Library
Γλώσσα καταλογογράφησης Ελληνικά, Μοντέρνα (1453-)
Modifying agency MC Athens Campus Library
Κανόνες περιγραφικής καταλογογράφησης AACR2
245 1# - ΤΙΤΛΟΣ ΚΑΙ ΔΗΛΩΣΗ ΥΠΕΥΘΥΝΟΤΗΤΑΣ
Τίτλος Στάσεις και Αντιλήψεις Εκπαιδευτικών Δευτεροβάθμιας Εκπαίδευσης για Μαθητές με ΔΕΠΥ χωρίς Παράλληλη Στήριξη
260 ## - PUBLICATION, DISTRIBUTION, ETC.
Date of publication, distribution, etc. 2023
300 ## - PHYSICAL DESCRIPTION
Extent 70
520 ## - SUMMARY, ETC.
Summary, etc. Εισαγωγή, Διαταραχή Ελλειματικής Προσοχής με ή Χωρίς Υπερκινητικότητα, Γνώσεις και Αντιλήψεις Εκπαιδευτικών, Προβλήματα και Προσαρμογές, Σκοπός της Έρευνας και Ερευνητικά Ερωτήματα, Συμμετέχοντες, Εργαλείο, Διαδικασία, Περιορισμοί της Έρευνας και Προτάσεις Μελλοντικές.
700 1# - ΠΡΟΣΘΕΤΗ ΑΝΑΓΡΑΦΗ--ΦΥΣΙΚΟ ΠΡΟΣΩΠΟ
Personal name Κουβάσα Σοφία
9 (RLIN) 9704
700 1# - ΠΡΟΣΘΕΤΗ ΑΝΑΓΡΑΦΗ--ΦΥΣΙΚΟ ΠΡΟΣΩΠΟ
Personal name Κουνδουράκη Στυλιανή
9 (RLIN) 9705
942 ## - ADDED ENTRY ELEMENTS (KOHA)
Koha item type Διπλωματική εργασία
Holdings
Τύπος τεκμηρίου Βιβλιοθήκη Τρέχουσα τοποθεσία Barcode Ημερομηνία απόκτησης Ταξιθετικό σύμβολο Αριθμός αντιτύπου Κατάσταση απόσυρσης Κατάσταση χαμένου Κατάσταση κατεστραμμένου Μη δανεισμός Σύνολο δανεισμών Ημερομηνία τελευταίας εμφάνισης Η τιμή ισχύει από
Διπλωματική εργασία MC Athens Campus Library MC Athens Campus Library 9780000097910 05/06/2025 EDU 2023 (2) 1           05/06/2025 05/06/2025

MC Athens Campus Library
Πατησίων 94 & Κοδριγκτώνος 13, 104 34
Πελλήνης 8 & Πατησίων 107, 112 51
Τ: +30 210 8899600

MC Thessaloniki Campus Library
Ίωνος Δραγούμη 21, 54625 | Ίωνος Δραγούμη 15, 54625
Τ: +30 2310 287779 – Τ: +30 2314 440300